Formes longues des pays de l'ONU - Statistiques

Statistiques générales
  • Ce quiz a été pris 23 fois
    7 depuis la dernière actualisation
  • Le résultat moyen est 65 sur 169
Statistiques - réponses
Forme courte Forme longue % Correct
Australie Commonwealth d'Australie
75%
Andorre Principauté d'Andorre
75%
Afrique du Sud République d'Afrique du Sud
75%
Angola République d'Angola
75%
Allemagne République fédérale d'Allemagne
75%
France République Française
75%
Iran République islamique d'Iran
75%
Norvege Royaume de Norvège
75%
Royaume-Uni Royaume-Uni de Grande-Bretagne et d'Irlande du Nord
75%
Bahamas Commonwealth des Bahamas
50%
E.A.U. Emirats Arabes Unis
50%
Israël Etat d'Israël
50%
Micronésie Etats fédérés de Micronésie
50%
Etats-Unis Etats-Unis d'Amérique
50%
Russie Fédération de Russie
50%
Marshall Iles Marshall
50%
Salomon Iles Salomon
50%
Monaco Principauté de Monaco
50%
Argentine République argentine
50%
Centrafrique République Centrafricaine
50%
Albanie République d'Albanie
50%
Arménie République d'Arménie
50%
Autriche République d'Autriche
50%
Azerbaidjan République d'Azerbaïdjan
50%
Chypre République de Chypre
50%
Colombie République de Colombie
50%
Corée du Sud République de Corée
50%
Croatie République de Croatie
50%
Cuba République de Cuba
50%
Finlande République de Finlande
50%
Gambie République de Gambie
50%
Guinée République de Guinée
50%
Guinée-Bissau République de Guinée-Bissau
50%
Guinée-Equatoriale République de Guinée Equatoriale
50%
Hongrie République de Hongrie
50%
Lettonie République de Lettonie
50%
Lituanie République de Lituanie
50%
Maurice République de Maurice
50%
Congo (Kinshasa) République démocratique du Congo
50%
Moldavie République de Moldavie
50%
Mongolie République de Mongolie
50%
Namibie République de Namibie
50%
Pologne République de Pologne
50%
Serbie République de Serbie
50%
Fidji République des Fidji
50%
Singapour République de Singapour
50%
Slovénie République de Slovénie
50%
Maldives République des Maldives
50%
Philippines République des Philippines
50%
Seychelles République des Seychelles
50%
Estonie République d'Estonie
50%
Trinité-et-Tobago République de Trinité-et-Tobago
50%
Turquie République de Turquie
50%
Vanuatu République de Vanuatu
50%
Irak République d'Irak
50%
Saint Domingue République Dominicaine
50%
Ouganda République d'Ouganda
50%
Bénin République du Bénin
50%
Botswana République du Botswana
50%
Congo (Brazzaville) République du Congo
50%
Costa Rica République du Costa Rica
50%
Ghana République du Ghana
50%
Kazakhstan République du Kazakhstan
50%
Mali République du Mali
50%
Mozambique République du Mozambique
50%
Niger République du Niger
50%
Paraguay République du Paraguay
50%
Pérou République du Pérou
50%
Rwanda République du Rwanda
50%
Sénégal République du Sénégal
50%
Soudan République du Soudan
50%
Soudan du Sud République du Soudan du Sud
50%
Tadjikistan République du Tadjikistan
50%
Tchad République du Tchad
50%
Turkménistan République du Turkménistan
50%
Yémen République du Yémen
50%
Zimbabwe République du Zimbabwe
50%
Italie République Italienne
50%
Chine République populaire de Chine
50%
Corée du Nord République populaire démocratique de Corée
50%
Tchéquie République Tchèque
50%
Ukraine République ukrainienne
50%
Arabie Saoudite Royaume d'Arabie Saoudite
50%
Belgique Royaume de Belgique
50%
Espagne Royaume d'Espagne
50%
Tonga Royaume des Tonga
50%
Suède Royaume de Suède
50%
Danemark Royaume du Danemark
50%
Maroc Royaume du Maroc
50%
Brunei Brunei Darussalam
25%
Dominique Commonwealth de la Dominique
25%
Suisse Confédération Suisse
25%
Afghanistan Emirat Islamique d'Afghanistan
25%
Libye Etat de Libye
25%
Erythree État d'Érythrée
25%
Tuvalu Etat des Tuvalu
25%
Koweit État du Koweït
25%
Qatar Etat du Qatar
25%
Papouasie-Nouvelle-Guinée Etat indépendant de Papouasie-Nouvelle-Guinée
25%
Samoa Etat indépendant des Samoa
25%
Bolivie État plurinational de Bolivie
25%
Mexique Etats-Unis Mexicains
25%
Malaisie Fédération de Malaisie
25%
Luxembourg Grand-Duché de Luxembourg
25%
Algérie République algérienne démocratique et populaire
25%
Egypte République arabe d'Égypte
25%
Syrie République arabe syrienne
25%
Venezuela République bolivarienne du Venezuela
25%
Bosnie-Herzégovine République de Bosnie-Herzégovine
25%
Bulgarie République de Bulgarie
25%
Djibouti République de Djibouti
25%
Equateur République de l'Équateur
25%
Inde République de l'Inde
25%
Salvador République d'El Salvador
25%
Madagascar République de Madagascar
25%
Malte République de Malte
25%
São Tomé-et-Principe République démocratique de São Tomé-et-Principe
25%
Timor oriental République démocratique du Timor oriental
25%
Ethiopie République démocratique fédérale d'Éthiopie
25%
Népal République démocratique fédérale du Népal
25%
Laos République démocratique populaire lao
25%
Nauru République de Nauru
25%
Sierra Leone République de Sierra Leone
25%
Kiribati République des Kiribati
25%
Palaos République des Palaos
25%
Haïti République d'Haïti
25%
Indonesie République D'Indonesie
25%
Islande République d'Islande
25%
Burundi République du Burundi
25%
Cameroun République du Cameroun
25%
Cap-Vert République du Cap-Vert
25%
Chili République du Chili
25%
Guatemala République du Guatemala
25%
Honduras République du Honduras
25%
Kenya République du Kenya
25%
Libéria République du Libéria
25%
Nicaragua République du Nicaragua
25%
Gabon République Gabonaise
25%
Grèce République Hellénique
25%
Mauritanie République islamique de Mauritanie
25%
Pakistan République Islamique du Pakistan
25%
Kirghizistan République kirghize
25%
Liban République libanaise
25%
Uruguay République orientale de l'Uruguay
25%
Bangladesh République populaire du Bangladesh
25%
Burkina Faso République populaire du Burkina Faso
25%
Portugal République Portugaise
25%
Slovaquie République slovaque
25%
Viêt Nam République socialiste du Viêt Nam
25%
Togo République Togolaise
25%
Tanzanie République unie de Tanzanie
25%
Bahreïn Royaume de Bahreïn
25%
Malawi Royaume de Malawi
25%
Nouvelle-Zélande Royaume de Nouvelle-Zélande
25%
Eswatini Royaume d'Eswatini
25%
Thaïlande Royaume de Thaïlande
25%
Bhoutan Royaume du Bhoutan
25%
Cambodge Royaume du Cambodge
25%
Lesotho Royaume du Lesotho
25%
Jordanie Royaume hachémite de Jordanie
25%
Oman Sultanat d'Oman
25%
Comores Union des Comores
25%
Zambie Zambézia
25%
Saint-Christophe-et-Niévès Fédération de Saint-Christophe-et-Niévès
0%
Somalie République fédérale de Somalie
0%
Nigeria République fédérale du Nigeria
0%
Sri Lanka République socialiste démocratique du Sri Lanka
0%
Tunisie République tunisienne
0%
Bélize Royaume de Bélize
0%
Aucun quiz correspondant
Distribution des résultats
% des personnes avec chaque résultat
Percentile par nombre de réponses
Votre historique - résultats
Vous n’avez pas pris ce quiz depuis la dernière actualisation